|
|
|
|
| LEADER |
02225nam a2200469 i 4500 |
| 001 |
001623497 |
| 003 |
CZ BrMZK |
| 005 |
20180416085555.0 |
| 006 |
m||||||||d|||||||| |
| 007 |
co cg |
| 008 |
180405s2017 xr a e 100 0 cze |
| 020 |
|
|
|a 978-80-87647-41-7
|q (CDR)
|
| 040 |
|
|
|a BOA001
|b cze
|e rda
|
| 072 |
|
7 |
|a 797
|x Vodní sporty. Letecké sporty
|2 Konspekt
|9 20
|
| 080 |
|
|
|a 797.2
|2 MRF
|
| 080 |
|
|
|a 37.02
|2 MRF
|
| 080 |
|
|
|a (062.534)
|2 MRF
|
| 080 |
|
|
|a (0.034.44)
|2 MRF
|
| 111 |
2 |
|
|a Aktualizované poznatky z didaktiky plavání (seminář)
|n (3. :
|d 2017 :
|c Praha, Česko)
|7 olak2018987897
|4 aut
|
| 245 |
1 |
0 |
|a Aktualizované poznatky z didaktiky plavání III :
|b didaktika plavání pro učitele tělesné výchovy na základních a středních školách : sborník abstraktů, textů a prezentací z odborného semináře pořádaného dne 2.11.2017 v Praze /
|c editoři: Irena Čechovská, Tomáš Miler, Jan Chrudimský
|
| 246 |
3 |
0 |
|a Didaktika plavání pro učitele tělesné výchovy na základních a středních školách
|
| 264 |
|
1 |
|a Praha :
|b Univerzita Karlova, Fakulta tělesné výchovy a sportu, katedra plaveckých sportů,
|c 2017
|
| 300 |
|
|
|a 1 CD-ROM (168 stran) :
|b zvuk, barevný ;
|c 12 cm +
|e brožura (4 nečíslované strany ; 21 cm)
|
| 336 |
|
|
|a text
|b txt
|2 rdacontent
|
| 337 |
|
|
|a počítač
|b c
|2 rdamedia
|
| 338 |
|
|
|a počítačový disk
|b cd
|2 rdacarrier
|
| 347 |
|
|
|a textový soubor
|b PDF
|2 rda
|
| 347 |
|
|
|a audio soubor
|b MPEG-4
|2 rda
|
| 500 |
|
|
|a Název z disku
|
| 504 |
|
|
|a Obsahuje bibliografie a bibliografické odkazy
|
| 650 |
0 |
7 |
|a plavání
|7 ph115741
|2 czenas
|
| 650 |
0 |
7 |
|a didaktika
|7 ph114316
|2 czenas
|
| 655 |
|
7 |
|a sborníky konferencí
|7 fd133333
|2 czenas
|
| 655 |
|
7 |
|a CD-ROM
|7 fd133955
|2 czenas
|
| 700 |
1 |
|
|a Čechovská, Irena,
|d 1953-
|7 xx0009221
|4 edt
|
| 700 |
1 |
|
|a Miler, Tomáš,
|d 1954-2026
|7 jn20001227192
|4 edt
|
| 700 |
1 |
|
|a Chrudimský, Jan,
|d 1976-
|7 xx0124543
|4 edt
|
| 710 |
2 |
|
|a Univerzita Karlova.
|b Katedra plaveckých sportů
|7 xx0005925
|4 orm
|4 isb
|
| 910 |
|
|
|a BOA001
|b CDR2-1406.061
|
| 990 |
|
|
|a BK
|
| 991 |
|
|
|b 201804
|c NOV
|
| 996 |
6 |
|
|b 2610740106
|c CDR2-1406.061
|l Stud. periodik/2.patro
|r Sklad / do 1 hodiny
|n 2
|p p.v.
|w 001659378
|u 000010
|a 1
|e BOA001
|j MZK50
|s P
|